| 000 | 00659cam a2200229 4500 | ||
|---|---|---|---|
| 001 | B809 | ||
| 008 | 090401t1998 xxu||||| |||| 00| 0 eng d | ||
| 035 | _a(Sirsi) u38028 | ||
| 041 | _aeng | ||
| 050 | _a332.6324 | ||
| 110 |
_aDebenham Tewson and Chinnocks _93135 |
||
| 245 | _aMoney into property 1987 - 1998 | ||
| 260 |
_aLondon _bDebenham Tewson and Chinnocks _c1987-1998 |
||
| 300 | _a1 vol. ; 30cm. | ||
| 350 | _a10 | ||
| 520 | _aDebenham Tewson & Chinnocks became DTZ Debenham Thorpe. 1990 edition missing. | ||
| 650 | _aINSTITUTIONAL INVESTMENT | ||
| 650 | _aINVESTMENT | ||
| 650 | _aPROPERTY INVESTMENT | ||
| 942 | _n0 | ||
| 948 | _c04/03/1997 | ||
| 999 |
_c90593 _d90593 |
||